Aspects of Policical Development (Record no. 7097)

000 -LEADER
fixed length control field 00403 a2200145 4500
040 ## - CATALOGING SOURCE
Original cataloging agency DLC
Language of cataloging DLC
082 ## - DEWEY DECIMAL CLASSIFICATION NUMBER
Classification number 320.9172408
100 ## - MAIN ENTRY--PERSONAL NAME
Personal name Pye, Lucian W.
245 ## - TITLE STATEMENT
Title Aspects of Policical Development
Statement of responsibility, etc. Lucian W. Pye
260 ## - PUBLICATION, DISTRIBUTION, ETC.
Place of publication, distribution, etc. Islamabad:
Name of publisher, distributor, etc. National Book Foundation.
300 ## - PHYSICAL DESCRIPTION
Extent ix, 205 p. ;
Dimensions 23 cm.
500 ## - GENERAL NOTE
General note Includes Index
650 ## - SUBJECT ADDED ENTRY--TOPICAL TERM
Topical term or geographic name entry element Political Development.
942 ## - ADDED ENTRY ELEMENTS (KOHA)
Koha item type Book
Call number prefix 320.9172408 PYE
Source of classification or shelving scheme
Holdings
Withdrawn status Lost status Damaged status Not for loan Collection code Permanent Location Current Location Shelving location Date acquired Source of acquisition Cost, normal purchase price Total Checkouts Full call number Barcode Date last seen Price effective from Koha item type
          Central Library (CL) Central Library (CL) General Stacks 07/30/2008 Donation 0.00   320.9172408 PYE SEECS009220 02/02/2022 01/05/2017 Book
© 2023 Central Library, National University of Sciences and Technology. All Rights Reserved.